| 000 | 01063cam a2200337 4500 | ||
|---|---|---|---|
| 999 |
_c28828 _d28799 |
||
| 001 | OCR5227BB | ||
| 003 | EG-ScBUE | ||
| 005 | 20200926113352.0 | ||
| 008 | 760204r19661955enka f 001 0 eng d | ||
| 035 | _a(InU)OCR5227BB | ||
| 035 | _a(OCoLC)ocm01965893 | ||
| 040 |
_aDLC _beng _erda _cMIA _dOCL _dIUL _dEG-ScBUE |
||
| 082 | 0 | 4 |
_a526.98 _bDEB _222 |
| 100 | 1 |
_aDebenham, Frank, _d1883-1965, _eauthor. |
|
| 245 | 1 | 0 |
_aMap making / _cby Frank Debenham, Fellow of Caius College, professor of geography, Cambridge University. |
| 250 | _aThird edition. | ||
| 250 | _aReprinted edition. | ||
| 264 | 1 |
_aLondon ; _aGlasgow : _bBlackie & Limited, _c1963. |
|
| 300 |
_aix, 241 pages : _billustrations ; _c19 cm |
||
| 336 |
_2rdacontent _atext _btxt |
||
| 337 |
_2rdamedia _aunmediated _bn |
||
| 338 |
_2rdacarrier _avolume _bnc |
||
| 500 | _aIncludes index. | ||
| 650 | 7 |
_aMap drawing. _2BUEsh _934690 |
|
| 650 | 7 |
_aSurveying. _2BUEsh |
|
| 653 |
_bGGEN _cSeptember2020 |
||
| 655 |
_vReading book _934232 |
||
| 942 |
_2ddc _cBB |
||
| 949 | _arcp3539 | ||
| 998 | _c4/6/1999 | ||